Gerenciar no limite : (Record no. 1191)

MARC details
000 -LÍDER
Campo Fixo de Controle 00739nam a2200241 a 4500
001 - NÚMERO DE CONTROLE
Campo de Controle 1191
003 - IDENTIFICAÇÃO DO NÚMERO DE CONTROLE
Campo de Controle BR-CuiBMT
005 - DATA E HORA DA ÚLTIMA ATUALIZAÇÃO
Campo de Controle 20231130222921.0
008 - DADOS FIXOS
Dados Fixos 231124s2000 rjba 000 0 por d
020 ## - INTERNATIONAL STANDARD BOOK NUMBER
Nº do ISBN 8573032782
040 ## - AGÊNCIA CATALOGADORA
Código da Agência Catalogadora BR-CuiBMT
Agência que transcreveu o registro BR-CuiBMT
080 ## - Nº DA CLASSIFICAÇÃO DECIMAL UNIVERSAL
Nº Class. CDU 658.012.2
Nº edição CDU 2007
090 ## - NÚMERO DE CHAMADA
Nº classificação 658.012.2
Cutter G367
245 00 - TÍTULO PRINCIPAL
Título principal Gerenciar no limite :
Subtítulo lições corporativas /
Indicação de responsabilidade [Albigenor Militão ... et al.] ; prefácio de Nelson Savioli.
260 ## - PUBLICAÇÃO, DISTRIBUIÇÃO, ETC.
Local de publicação Rio de Janeiro :
Editora Qualitymark,
Data 2000.
300 ## - DESCRIÇÃO FÍSICA
N. páginas ou volumes xiii, 188 p. :
Ilustrações il. ;
Dimensões 21 cm
504 ## - NOTA DE BIBLIOGRAFIA, ETC.
Nota de bibliografia Inclui bibliografia.
650 ## - ASSUNTO TÓPICO
Cabeçalho tópico ou nome geográfico Administração de pessaol
650 ## - ASSUNTO TÓPICO
Cabeçalho tópico ou nome geográfico Planejamento estratégico
650 ## - ASSUNTO TÓPICO
Cabeçalho tópico ou nome geográfico Comportamento humano
650 ## - ASSUNTO TÓPICO
Cabeçalho tópico ou nome geográfico Liderança
942 ## - ELEMENTOS DE ENTRADA ADICIONAIS (KOHA)
Fonte de classificação ou esquema de arquivamento Classificação Decimal Universal
Tipo de item do Koha Livros
Holdings
Estado: removido Estado: perdido Fonte de classificação ou esquema de arquivamento Estado: danificado Indisponível para empréstimo Localização permanente Localização atual Data de aquisição Total Checkouts Número de Chamada completo Código de barras Date last seen Número do exemplar Preço efetivo a partir de Tipo de item (Koha)
    Classificação Decimal Universal     Biblioteca da Escola Superior de Contas do TCE/MT Biblioteca da Escola Superior de Contas do TCE/MT 23/09/2008   658.012.2 G367 BIBTCEMT23111413 30/11/2023 Ex. 1 30/11/2023 Livros

Powered by Koha